[Event "Penang op-A 9th"]
[Site "Penang"]
[Date "2017.12.05"]
[Round "2"]
[White "Chuah, Hao Feng"]
[Black "Kumar, Sri Shiva"]
[Result "1-0"]
[WhiteElo "1864"]
[BlackElo "1481"]
[PlyCount "45"]
[EventDate "2017.12.04"]
[EventType "swiss"]
[EventRounds "9"]
[EventCountry "MAS"]
[SourceTitle "CBM 182 Extra"]
[Source "ChessBase"]
[SourceDate "2018.02.23"]
[SourceVersion "1"]
[SourceVersionDate "2018.02.23"]
[SourceQuality "1"]

1. e4 c5 2. Nf3 d6 3. d4 cxd4 4. Nxd4 Nf6 5. Nc3 e5 6. Bb5+ Bd7 7. Nf5 Bxb5 8. Nxb5 Qa5+ 9. Nc3 Nxe4 10. 0-0 Nxc3 11. bxc3 d5 12. Ne3 Nc6 13. Nxd5 Rd8 14. c4 Rd7 15. Bd2 Qd8 16. Qg4 b5 17. Bg5 Be7 18. Bxe7 Nxe7 19. Qxg7 Ng6 20. Rad1 bxc4 21. Nf6+ Ke7 22. Rxd7+ Qxd7 23. Nxd7 1-0

[Event "Penang op-A 9th"]
[Site "Penang"]
[Date "2017.12.05"]
[Round "3"]
[White "Kumar, Sri Shiva"]
[Black "Ong, Yi Herng Joel"]
[Result "0-1"]
[WhiteElo "1481"]
[BlackElo "1802"]
[PlyCount "71"]
[EventDate "2017.12.04"]
[EventType "swiss"]
[EventRounds "9"]
[EventCountry "MAS"]
[SourceTitle "CBM 182 Extra"]
[Source "ChessBase"]
[SourceDate "2018.02.23"]
[SourceVersion "1"]
[SourceVersionDate "2018.02.23"]
[SourceQuality "1"]

1. e4 e5 2. Nf3 Nc6 3. Bc4 Nf6 4. d3 Be7 5. h3 d6 6. Nc3 h6 7. Nd5 0-0 8. Nxe7+ Nxe7 9. 0-0 Ng6 10. c3 Be6 11. Bxe6 fxe6 12. Qb3 Qc8 13. Be3 b6 14. Nh2 Nh5 15. Qd1 Nhf4 16. Qg4 Rf6 17. Bxf4 Nxf4 18. Qd1 Rg6 19. g3 Nxh3+ 20. Kg2 Ng5 21. Qh5 Qe8 22. f4 exf4 23. Rxf4 Nxe4 24. Ng4 Nf6 25. Nxf6+ Rxf6 26. Qxe8+ Rxe8 27. Rxf6 gxf6 28. Kf3 Kg7 29. d4 Kg6 30. Rh1 d5 31. Kg4 e5 32. dxe5 fxe5 33. Kf3 Rf8+ 34. Ke3 Kg5 35. Rh4 c6 36. Ke2 0-1

[Event "Kuala Lumpur op 8th"]
[Site "Kuala Lumpur"]
[Date "2011.08.22"]
[Round "6"]
[White "Camilia, Bt Johari"]
[Black "Kumar, Sri Shiva"]
[Result "1-0"]
[WhiteElo "1753"]
[BlackElo "1705"]
[PlyCount "93"]
[EventDate "2011.08.18"]
[EventType "swiss"]
[EventRounds "9"]
[EventCountry "MAS"]
[SourceTitle "CBM 144 Extra"]
[Source "ChessBase"]
[SourceDate "2011.10.28"]
[SourceVersion "1"]
[SourceVersionDate "2011.10.28"]
[SourceQuality "1"]

1. d4 Nf6 2. Nf3 d5 3. c4 g6 4. Nc3 Bg7 5. Bg5 c6 6. e3 0-0 7. Bd3 Bg4 8. h3 Bxf3 9. Qxf3 e6 10. 0-0 Nbd7 11. b4 Re8 12. b5 Rc8 13. c5 e5 14. bxc6 bxc6 15. Qd1 exd4 16. exd4 Qa5 17. Bd2 Qc7 18. Ne2 Nh5 19. Qa4 Ra8 20. Ba6 Nb8 21. Bd3 a5 22. Rab1 Nd7 23. Rb3 Ra7 24. Rfb1 Rea8 25. Rb6 Nxb6 26. cxb6 Qd7 27. bxa7 Rxa7 28. Rb8+ Bf8 29. Qa3 Qe7 30. Qxe7 Rxe7 31. Bxa5 Nf6 32. Bb4 Re8 33. Rxe8 Nxe8 34. Bxf8 Kxf8 35. a4 Nd6 36. a5 Nc8 37. Nc3 Na7 38. Na4 Ke7 39. Nc5 Kd6 40. Kf1 Nc8 41. Ba6 Na7 42. Ke2 h6 43. Ke3 h5 44. Kf4 f6 45. Bd3 Nb5 46. Bxb5 cxb5 47. a6 1-0

[Event "Kuala Lumpur op 8th"]
[Site "Kuala Lumpur"]
[Date "2011.08.20"]
[Round "5"]
[White "Kumar, Sri Shiva"]
[Black "Qiu, Mengjie"]
[Result "0-1"]
[WhiteElo "1705"]
[BlackElo "1941"]
[PlyCount "70"]
[EventDate "2011.08.18"]
[EventType "swiss"]
[EventRounds "9"]
[EventCountry "MAS"]
[SourceTitle "CBM 144 Extra"]
[Source "ChessBase"]
[SourceDate "2011.10.28"]
[SourceVersion "1"]
[SourceVersionDate "2011.10.28"]
[SourceQuality "1"]

1. d4 Nf6 2. c4 g6 3. Nf3 Bg7 4. Nc3 d5 5. e3 0-0 6. h3 c5 7. Be2 Nc6 8. dxc5 Qa5 9. 0-0 dxc4 10. Bxc4 Qxc5 11. Qb3 Na5 12. Qb5 Qxc4 13. Qxa5 Ne4 14. Ne5 Qe6 15. Nxe4 Qxe5 16. Qxe5 Bxe5 17. Rd1 Bf5 18. Nc3 Rfd8 19. Bd2 Bc2 20. Kf1 Bxd1 21. Rxd1 Bxc3 22. bxc3 Rd3 23. Ke2 Rad8 24. e4 f6 25. f3 Kf7 26. g4 Ke6 27. h4 h5 28. gxh5 gxh5 29. f4 Rh3 30. f5+ Kf7 31. Bf4 Rxd1 32. Kxd1 Rxh4 33. Be3 Rxe4 34. Bxa7 Ra4 35. Bd4 Rxa2 0-1

[Event "Kuala Lumpur op 8th"]
[Site "Kuala Lumpur"]
[Date "2011.08.18"]
[Round "2"]
[White "Yu, Lie"]
[Black "Kumar, Sri Shiva"]
[Result "1-0"]
[WhiteElo "2414"]
[BlackElo "1705"]
[PlyCount "51"]
[EventDate "2011.08.18"]
[EventType "swiss"]
[EventRounds "9"]
[EventCountry "MAS"]
[SourceTitle "CBM 144 Extra"]
[Source "ChessBase"]
[SourceDate "2011.10.28"]
[SourceVersion "1"]
[SourceVersionDate "2011.10.28"]
[SourceQuality "1"]

1. d4 Nf6 2. Nf3 d5 3. c4 e6 4. g3 b6 5. Bg2 Bb7 6. 0-0 Be7 7. Qa4+ Qd7 8. Qc2 Qd8 9. Bf4 0-0 10. cxd5 Nxd5 11. Nc3 Nxf4 12. gxf4 g6 13. Rfd1 f5 14. Qb3 Rf6 15. d5 Kg7 16. Ng5 Bd6 17. Nxe6+ Rxe6 18. dxe6 Bxg2 19. Kxg2 Qe7 20. Qd5 Bxf4 21. Qxa8 Qh4 22. Kf1 Bxh2 23. Qxb8 Qg4 24. Rd7+ Kh6 25. Qf8+ Kg5 26. Qe7+ 1-0